Größte Stadt beginnend mit W in Diesem Land - Statistiken

Allgemein
  • Dieses Quiz wurde 254 mal gespielt
  • Das Durchschnittsergebnis liegt bei 7 aus 12
Antwortstatistiken
Land W Stadt % Korrekt
Polen Warschau
96%
Neuseeland Wellington
94%
Österreich Wien
94%
Vereinigte Staaten Washington
79%
Namibia Windhoek
79%
Deutschland Wuppertal
77%
China Wuhan
69%
Kanada Winnipeg
53%
Schweiz Winterthur
49%
Australien Wollongong
17%
Japan Wakayama
3%
Niederlande Willemstad
2%
Keine übereinstimmenden Quizze gefunden
Verteilung der Resultate
Anzahl Personen mit jedem Resultat
Perzentil nach korrekt beantworteten Fragen
Ihre Resultats-Entwicklung
Sie haben dieses Quiz noch nicht gespielt